[Event "Newport Open"]
[Site "Newport"]
[Date "2007.01.07"]
[Round "4"]
[White "Taylor, Robert Graham"]
[Black "Miles, Richard J"]
[Result "1-0"]
[WhiteElo "2014"]
[BlackElo "2035"]
[PlyCount "61"]
[EventDate "2007.01.05"]
[EventType "swiss"]
[EventRounds "5"]
[EventCountry "WLS"]
[SourceTitle "BritBase"]
[Source "John Saunders"]
[SourceDate "2025.01.31"]
[SourceVersion "1"]
[SourceVersionDate "2025.01.31"]
[SourceQuality "1"]

1. e4 c5 2. Nf3 Nc6 3. Nc3 d6 4. d4 cxd4 5. Nxd4 e6 6. g3 Nf6 7. Bg2 Be7 8. O-O O-O 9. Be3 Qc7 10. h3 a6 11. Qe2 Bd7 12. f4 Nxd4 13. Bxd4 Bc6 14. g4 e5 15. Be3 exf4 16. Rxf4 Nd7 17. Rd1 Bg5 18. Rf2 Bxe3 19. Qxe3 Ne5 20. Qd4 Rad8 21. Rfd2 b5 22. b3 Rd7 23. Ne2 g6 24. Qf2 f5 25. Nd4 fxg4 26. Qxf8+ Kxf8 27. Ne6+ Kg8 28. Nxc7 gxh3 29. Nd5 Bxd5 30. Rxd5 hxg2 31. Rxe5 1-0

[Event "Newport Open"]
[Site "Newport"]
[Date "2007.01.07"]
[Round "4"]
[White "Turner, Joseph David"]
[Black "Davies, Matthew"]
[Result "1/2-1/2"]
[WhiteElo "1983"]
[BlackElo "1885"]
[PlyCount "87"]
[EventDate "2007.01.05"]
[EventType "swiss"]
[EventRounds "5"]
[EventCountry "WLS"]
[SourceTitle "BritBase"]
[Source "John Saunders"]
[SourceDate "2025.01.31"]
[SourceVersion "1"]
[SourceVersionDate "2025.01.31"]
[SourceQuality "1"]

1. e4 e6 2. d4 d5 3. Nd2 c5 4. Ngf3 Nf6 5. Bb5+ Nc6 6. exd5 exd5 7. O-O Be7 8. dxc5 Bxc5 9. Re1+ Be6 10. Bxc6+ bxc6 11. Nb3 Bb6 12. Nbd4 Ne4 13. Re2 Qc7 14. a4 O-O 15. a5 Bc5 16. Qe1 Bg4 17. h3 Bh5 18. Be3 Rae8 19. g4 Bg6 20. Nf5 Bxe3 21. Nxe3 f5 22. Nh4 fxg4 23. Nxg6 hxg6 24. Nxg4 Rf3 25. Ra3 Ref8 26. Ree3 Ng5 27. Kg2 Qf4 28. Qe2 Rxe3 29. Qxe3 Qe4+ 30. Qxe4 Nxe4 31. Rb3 Nc5 32. Rc3 Na4 33. Rxc6 Nxb2 34. Ne5 Rf6 35. Rc8+ Kh7 36. Ra8 a6 37. Ng4 Rc6 38. Ne5 Rf6 39. Rd8 Nd1 40. Rxd5 Rxf2+ 41. Kg3 Nc3 42. Rd7 Ne4+ 43. Kg4 Nf6+ 44. Kg3 1/2-1/2

[Event "Newport Open"]
[Site "Newport"]
[Date "2007.01.07"]
[Round "4"]
[White "Wagner, Guy"]
[Black "Dixon, Chris"]
[Result "0-1"]
[WhiteElo "1730"]
[BlackElo "1844"]
[PlyCount "72"]
[EventDate "2007.01.05"]
[EventType "swiss"]
[EventRounds "5"]
[EventCountry "WLS"]
[SourceTitle "BritBase"]
[Source "John Saunders"]
[SourceDate "2025.01.31"]
[SourceVersion "1"]
[SourceVersionDate "2025.01.31"]
[SourceQuality "1"]

1. Nf3 d6 2. d4 Nf6 3. g3 g6 4. Nc3 Bg7 5. e4 O-O 6. Bg2 c6 7. O-O Nbd7 8. Be3 Qc7 9. Nd2 e5 10. d5 cxd5 11. exd5 a6 12. a4 Ne8 13. Nde4 f5 14. Ng5 Ndf6 15. a5 h6 16. Bb6 Qe7 17. Nf3 Bd7 18. Qd2 Rc8 19. Rad1 Kh7 20. Rfe1 Qf7 21. Re2 g5 22. Rde1 e4 23. Nd4 Nxd5 24. Nxd5 Qxd5 25. f3 Nf6 26. fxe4 fxe4 27. Bxe4+ Nxe4 28. Rxe4 Bf5 29. Nxf5 Qxd2 30. Nxg7 Kxg7 31. Re7+ Rf7 32. R7e2 Qd5 33. c3 Rcf8 34. Bd4+ Kg8 35. Re6 Rf1+ 36. Rxf1 Rxf1+ 0-1

[Event "Newport Open"]
[Site "Newport"]
[Date "2007.01.07"]
[Round "5"]
[White "Bridges, Paul L"]
[Black "Fathallah, Joe"]
[Result "1/2-1/2"]
[WhiteElo "1769"]
[BlackElo "1922"]
[PlyCount "85"]
[EventDate "2007.01.05"]
[EventType "swiss"]
[EventRounds "5"]
[EventCountry "WLS"]
[SourceTitle "BritBase"]
[Source "John Saunders"]
[SourceDate "2025.01.31"]
[SourceVersion "1"]
[SourceVersionDate "2025.01.31"]
[SourceQuality "1"]

1. e4 e6 2. d4 d5 3. e5 c5 4. c3 Nc6 5. Nf3 Qb6 6. Be2 Bd7 7. O-O Be7 8. b3 O-O-O 9. Bf4 h6 10. dxc5 Bxc5 11. b4 Be7 12. a4 g5 13. Be3 Qc7 14. b5 Na5 15. h3 f5 16. exf6 Nxf6 17. Bd4 Rhf8 18. Nbd2 Bd6 19. c4 e5 20. c5 exd4 21. cxd6 Qxd6 22. Nxd4 Rg8 23. Qc1+ Kb8 24. Qc3 b6 25. Qg3 Qxg3 26. fxg3 Rgf8 27. Rf2 Ne4 28. Rxf8 Rxf8 29. Nxe4 dxe4 30. Rf1 Rxf1+ 31. Kxf1 Kc7 32. Kf2 Kd6 33. Ke3 Kd5 34. g4 Ke5 35. g3 Kd5 36. Nf5 h5 37. Nh6 hxg4 38. Nxg4 Bxg4 39. Bxg4 Nc4+ 40. Ke2 Ne5 41. Bf5 Kd4 42. h4 gxh4 43. gxh4 1/2-1/2

[Event "Newport Open"]
[Site "Newport"]
[Date "2007.01.07"]
[Round "5"]
[White "Davies, Matthew"]
[Black "Abbott, Mark V"]
[Result "1/2-1/2"]
[WhiteElo "1885"]
[BlackElo "1888"]
[PlyCount "93"]
[EventDate "2007.01.05"]
[EventType "swiss"]
[EventRounds "5"]
[EventCountry "WLS"]
[SourceTitle "BritBase"]
[Source "John Saunders"]
[SourceDate "2025.01.31"]
[SourceVersion "1"]
[SourceVersionDate "2025.01.31"]
[SourceQuality "1"]

1. d4 Nf6 2. c4 c5 3. d5 b5 4. cxb5 a6 5. bxa6 g6 6. Nc3 Bxa6 7. e4 Bxf1 8. Kxf1 d6 9. Nf3 Nbd7 10. h3 Bg7 11. Kg1 O-O 12. Kh2 Ra7 13. Qe2 Qa8 14. Bd2 Rb8 15. Rab1 Ne8 16. Rhc1 Nc7 17. a3 Rab7 18. Bf4 Nb5 19. Nxb5 Rxb5 20. Rc2 Qb7 21. e5 dxe5 22. Nxe5 Nxe5 23. Bxe5 Bxe5+ 24. Qxe5 Rd8 25. Re1 Rd7 26. Ree2 Rxd5 27. Qxe7 Qb8+ 28. g3 Kg7 29. Qe8 Qxe8 30. Rxe8 Rd1 31. Re5 Rb1 32. Rexc5 Rxc5 33. Rxc5 Rxb2 {(=)} 34. Kg2 Ra2 35. Ra5 h5 36. h4 Kf6 37. Kf3 Ke6 38. Ke3 Kf6 39. f3 Ke6 40. Kf4 Kf6 41. Ra6+ Kg7 42. g4 hxg4 43. fxg4 Rf2+ 44. Kg3 Rc2 45. Ra4 Rc3+ 46. Kf4 Rh3 47. Rb4 1/2-1/2

[Event "Newport Open"]
[Site "Newport"]
[Date "2007.01.07"]
[Round "5"]
[White "Thomas, Jac"]
[Black "Kett, Timothy J"]
[Result "1/2-1/2"]
[WhiteElo "1964"]
[BlackElo "2231"]
[PlyCount "45"]
[EventDate "2007.01.05"]
[EventType "swiss"]
[EventRounds "5"]
[EventCountry "WLS"]
[SourceTitle "BritBase"]
[Source "John Saunders"]
[SourceDate "2025.01.31"]
[SourceVersion "1"]
[SourceVersionDate "2025.01.31"]
[SourceQuality "1"]

1. e4 e5 2. Nf3 d6 3. Bc4 Be7 4. d3 Nf6 5. Nc3 O-O 6. Be3 c6 7. Bb3 Nbd7 8. h3 b5 9. O-O Bb7 10. Ne2 d5 11. exd5 Nxd5 12. Ng3 Nxe3 13. fxe3 a5 14. a3 g6 15. d4 exd4 16. exd4 c5 17. dxc5 Nxc5 18. Ba2 b4 19. Ne5 Ne6 20. Kh1 Qxd1 21. Raxd1 Rad8 22. axb4 axb4 23. Rfe1 1/2-1/2

[Event "Newport Open"]
[Site "Newport"]
[Date "2007.01.07"]
[Round "5"]
[White "Christmas, Steve"]
[Black "Sully, David John"]
[Result "0-1"]
[WhiteElo "1972"]
[BlackElo "2152"]
[PlyCount "54"]
[EventDate "2007.01.05"]
[EventType "swiss"]
[EventRounds "5"]
[EventCountry "WLS"]
[SourceTitle "BritBase"]
[Source "John Saunders"]
[SourceDate "2025.01.31"]
[SourceVersion "1"]
[SourceVersionDate "2025.01.31"]
[SourceQuality "1"]

1. c4 b6 2. Nc3 Bb7 3. d4 e6 4. Nf3 Bb4 5. a3 Bxc3+ 6. bxc3 Nf6 7. Bg5 d6 8. e3 Nbd7 9. h3 h6 10. Bxf6 Nxf6 11. Qa4+ Qd7 12. Qxd7+ Kxd7 13. Bd3 c5 14. dxc5 bxc5 15. O-O Kc7 16. Rfb1 Be4 17. Ne1 Rab8 18. Rxb8 Rxb8 19. f3 Bxd3 20. Nxd3 Rb3 21. Rc1 Rxa3 22. g4 Nd7 23. e4 Nb6 24. e5 Nxc4 25. exd6+ Kxd6 26. Nf2 Kc6 27. h4 a5 0-1

[Event "Newport Open"]
[Site "Newport"]
[Date "2007.01.07"]
[Round "5"]
[White "Davies, Carl"]
[Black "Wagner, Guy"]
[Result "1-0"]
[WhiteElo "1817"]
[BlackElo "1730"]
[PlyCount "77"]
[EventDate "2007.01.05"]
[EventType "swiss"]
[EventRounds "5"]
[EventCountry "WLS"]
[SourceTitle "BritBase"]
[Source "John Saunders"]
[SourceDate "2025.01.31"]
[SourceVersion "1"]
[SourceVersionDate "2025.01.31"]
[SourceQuality "1"]

1. c4 b6 2. Nc3 e6 3. e4 Bb4 4. Nge2 Bb7 5. a3 Bd6 6. d4 c5 7. Nb5 Bc7 8. d5 a6 9. Nxc7+ Qxc7 10. Bf4 Qd8 11. Nc3 Ne7 12. Qd2 Ng6 13. O-O-O e5 14. Bg3 d6 15. f4 exf4 16. Bxf4 Nxf4 17. Qxf4 Nd7 18. Qxd6 Nf6 19. Qe5+ Qe7 20. Qg3 O-O 21. e5 Nd7 22. Re1 h6 23. Bd3 Rae8 24. e6 fxe6 25. Rxe6 Qg5+ 26. Qxg5 hxg5 27. Rhe1 Rxe6 28. dxe6 Nf6 29. e7 Re8 30. Bg6 Bxg2 31. Bxe8 Nxe8 32. Nd5 b5 33. b3 Bh3 34. cxb5 axb5 35. a4 Bg2 36. Re5 bxa4 37. bxa4 Kf7 38. a5 Bf1 39. Rf5+ 1-0

[Event "Newport Open"]
[Site "Newport"]
[Date "2007.01.07"]
[Round "5"]
[White "Downey, Keith AB"]
[Black "Turner, Joseph David"]
[Result "1/2-1/2"]
[WhiteElo "1834"]
[BlackElo "1983"]
[PlyCount "84"]
[EventDate "2007.01.05"]
[EventType "swiss"]
[EventRounds "5"]
[EventCountry "WLS"]
[SourceTitle "BritBase"]
[Source "John Saunders"]
[SourceDate "2025.01.31"]
[SourceVersion "1"]
[SourceVersionDate "2025.01.31"]
[SourceQuality "1"]

1. Nf3 Nf6 2. d4 c5 3. c4 cxd4 4. Nxd4 a6 5. Nc3 g6 6. e4 d6 7. Be2 Bg7 8. Be3 Bd7 9. Rc1 O-O 10. O-O Nc6 11. f3 e6 12. Qd2 Ne8 13. Rfd1 f5 14. c5 Ne5 15. cxd6 Nf7 16. Bc4 Nexd6 17. Bxe6 Qe8 18. Bxd7 Qxd7 19. Nd5 Rae8 20. exf5 Nxf5 21. Nxf5 Qxf5 22. Rc7 Qe5 23. Rxb7 Rd8 24. Bb6 Bh6 25. Qd3 Qd6 26. Ne7+ Kh8 27. Bxd8 Qc5+ 28. Kf1 Nxd8 29. Rd7 Ne6 30. Qc3+ Qxc3 31. bxc3 Rb8 32. Nc6 Rb2 33. Re1 Nf8 34. Re8 Rxa2 35. Nd8 Kg8 36. Ne6 Ra1+ 37. Kf2 Ra2+ 38. Kg3 Re2 39. Rdd8 Kf7 40. Rxf8+ Bxf8 41. Rxf8+ Ke7 42. Rh8 Rxe6 1/2-1/2

[Event "Newport Open"]
[Site "Newport"]
[Date "2007.01.07"]
[Round "5"]
[White "Harley-Yeo, Gareth"]
[Black "Dixon, Chris"]
[Result "1/2-1/2"]
[WhiteElo "2009"]
[BlackElo "1844"]
[PlyCount "45"]
[EventDate "2007.01.05"]
[EventType "swiss"]
[EventRounds "5"]
[EventCountry "WLS"]
[SourceTitle "BritBase"]
[Source "John Saunders"]
[SourceDate "2025.01.31"]
[SourceVersion "1"]
[SourceVersionDate "2025.01.31"]
[SourceQuality "1"]

1. d4 d6 2. c4 Nf6 3. Nc3 g6 4. e4 Bg7 5. Nge2 O-O 6. Ng3 a6 7. Be2 Nbd7 8. h4 h5 9. Be3 c6 10. Qd2 b5 11. a3 Bb7 12. f4 e5 13. f5 exd4 14. Bxd4 Ne5 15. fxg6 fxg6 16. Qg5 Nfg4 17. Bxg4 hxg4 18. O-O-O Qxg5+ 19. hxg5 bxc4 20. Kb1 Bc8 21. Nf1 Be6 22. Ne3 Rab8 23. Rd2 1/2-1/2

[Event "Newport Open"]
[Site "Newport"]
[Date "2007.01.07"]
[Round "5"]
[White "Jones, Richard S"]
[Black "White, Michael"]
[Result "1-0"]
[WhiteElo "2302"]
[BlackElo "2200"]
[PlyCount "85"]
[EventDate "2007.01.05"]
[EventType "swiss"]
[EventRounds "5"]
[EventCountry "WLS"]
[SourceTitle "BritBase"]
[Source "John Saunders"]
[SourceDate "2025.01.31"]
[SourceVersion "1"]
[SourceVersionDate "2025.01.31"]
[SourceQuality "1"]

1. e4 c5 2. Nf3 Nc6 3. d4 cxd4 4. Nxd4 Nf6 5. Nc3 e5 6. Ndb5 d6 7. Bg5 a6 8. Na3 b5 9. Bxf6 gxf6 10. Nd5 f5 11. c3 Bg7 12. Bd3 Be6 13. Nxb5 axb5 14. Bxb5 Bd7 15. exf5 O-O 16. Qg4 Kh8 17. Qe4 f6 18. O-O Nb8 19. a4 Bxb5 20. axb5 Nd7 21. b4 Rb8 22. c4 Nb6 23. Ra6 Nxd5 24. Qxd5 Qc8 25. Rxd6 Qxf5 26. b6 Qg4 27. b7 f5 28. c5 Qxb4 29. c6 e4 30. Rd7 Qb6 31. c7 Qxb7 32. cxb8=Q Qxb8 33. Rf7 Qf4 34. g3 Qg5 35. Rxf8+ Bxf8 36. Rd1 Kg7 37. Qe6 Qg6 38. Rd7+ Kh6 39. Qe5 Qg5 40. h4 Qg6 41. Qf4+ Kh5 42. Rxh7+ Qxh7 43. Qg5# 1-0

[Event "Newport Open"]
[Site "Newport"]
[Date "2007.01.07"]
[Round "5"]
[White "Miles, Richard J"]
[Black "Morcom, Huw C"]
[Result "1-0"]
[WhiteElo "2035"]
[BlackElo "1881"]
[PlyCount "57"]
[EventDate "2007.01.05"]
[EventType "swiss"]
[EventRounds "5"]
[EventCountry "WLS"]
[SourceTitle "BritBase"]
[Source "John Saunders"]
[SourceDate "2025.01.31"]
[SourceVersion "1"]
[SourceVersionDate "2025.01.31"]
[SourceQuality "1"]

1. d4 g6 2. c4 Bg7 3. Nf3 f5 4. g3 d6 5. Bg2 c6 6. O-O Nh6 7. Nc3 Nf7 8. e4 O-O 9. Be3 Na6 10. exf5 Bxf5 11. Rc1 Bg4 12. h3 Bf5 13. a3 Nc7 14. b4 a6 15. a4 Qe8 16. Qb3 e5 17. dxe5 Nxe5 18. Nxe5 Bxe5 19. Bh6 Rf7 20. Rfe1 Qd7 21. Rcd1 Re8 22. g4 Bxg4 23. hxg4 Qxg4 24. Ne4 d5 25. cxd5 cxd5 26. Rxd5 Nxd5 27. Qxd5 Qe6 28. Qxe6 Rxe6 29. Ng5 1-0

[Event "Newport Open"]
[Site "Newport"]
[Date "2007.01.07"]
[Round "5"]
[White "Mordue, A Tyson"]
[Black "Taylor, Robert Graham"]
[Result "1/2-1/2"]
[WhiteElo "2152"]
[BlackElo "2014"]
[PlyCount "51"]
[EventDate "2007.01.05"]
[EventType "swiss"]
[EventRounds "5"]
[EventCountry "WLS"]
[SourceTitle "BritBase"]
[Source "John Saunders"]
[SourceDate "2025.01.31"]
[SourceVersion "1"]
[SourceVersionDate "2025.01.31"]
[SourceQuality "1"]

1. e4 c5 2. Nf3 d6 3. d4 cxd4 4. Nxd4 Nf6 5. Nc3 Nc6 6. Bg5 e6 7. Qd2 a6 8. f4 h6 9. Bxf6 Qxf6 10. Nf3 b5 11. O-O-O Qd8 12. Kb1 Bd7 13. Qe3 Qc7 14. g4 Na5 15. Bd3 Nc4 16. Qe2 Rc8 17. Bxc4 Qxc4 18. Qxc4 Rxc4 19. Rd4 Rc7 20. Re1 Be7 21. a3 O-O 22. Red1 Bc6 23. R4d3 Rb8 24. Nd4 Bd7 25. e5 d5 26. Na2 1/2-1/2

[Event "Newport Open"]
[Site "Newport"]
[Date "2007.01.07"]
[Round "5"]
[White "Tew, Paul"]
[Black "Hunt, Bill"]
[Result "0-1"]
[WhiteElo "1966"]
[BlackElo "1774"]
[PlyCount "88"]
[EventDate "2007.01.05"]
[EventType "swiss"]
[EventRounds "5"]
[EventCountry "WLS"]
[SourceTitle "BritBase"]
[Source "John Saunders"]
[SourceDate "2025.01.31"]
[SourceVersion "1"]
[SourceVersionDate "2025.01.31"]
[SourceQuality "1"]

1. d4 g6 2. c4 Bg7 3. Nc3 Nf6 4. e4 d6 5. Nge2 c5 6. d5 O-O 7. Ng3 Bg4 8. f3 Bd7 9. Be2 Na6 10. h4 Nc7 11. h5 e6 12. hxg6 fxg6 13. Bg5 exd5 14. cxd5 b5 15. Qd2 b4 16. Nd1 Qe8 17. Ne3 Bb5 18. Bxb5 Nxb5 19. Nc4 Rd8 20. Ne2 Rd7 21. O-O Rff7 22. Rae1 Rfe7 23. a4 bxa3 24. bxa3 Qc8 25. a4 Nd4 26. Qf4 Nh5 27. Nxd6 Nxf4 28. Nxc8 Ndxe2+ 29. Rxe2 Nxe2+ 30. Kf2 Re8 31. Ne7+ Rdxe7 32. Bxe7 Nf4 33. d6 Bd4+ 34. Kg3 Ne6 35. f4 Nd8 36. e5 Nc6 37. Bf6 Kf7 38. Rh1 h5 39. Kf3 Ke6 40. Ke4 Rb8 41. g4 hxg4 42. Rh6 Rb3 43. f5+ gxf5+ 44. Kf4 Be3+ 0-1

[Event "Newport Open"]
[Site "Newport"]
[Date "2007.01.07"]
[Round "5"]
[White "Thomas, Joseff"]
[Black "Young, Alan J"]
[Result "0-1"]
[WhiteElo "2093"]
[BlackElo "2062"]
[PlyCount "76"]
[EventDate "2007.01.05"]
[EventType "swiss"]
[EventRounds "5"]
[EventCountry "WLS"]
[SourceTitle "BritBase"]
[Source "John Saunders"]
[SourceDate "2025.01.31"]
[SourceVersion "1"]
[SourceVersionDate "2025.01.31"]
[SourceQuality "1"]

1. d4 d5 2. e4 dxe4 3. Nc3 e5 4. Qh5 Nf6 5. Qxe5+ Be7 6. Bg5 Nc6 7. Bb5 O-O 8. Bxc6 bxc6 9. Nge2 Re8 10. Qa5 Nd5 11. Bxe7 Qxe7 12. O-O Bg4 13. Ng3 Nf4 14. Rae1 Qh4 15. Rxe4 Rxe4 16. Ncxe4 Bf3 17. Qf5 Bxg2 18. Re1 Bf3 19. Ng5 Qxg5 20. Qd7 g6 21. Qxc7 Ne2+ 22. Kf1 Re8 23. Ra1 Qg4 24. c3 Qh3+ 25. Ke1 Nxg3+ 26. Kd2 Ne4+ 27. Kc2 Qg2 28. Kb3 Qxf2 29. Qxa7 Qe2 30. a4 Nd6 31. Qc5 Bd5+ 32. Ka3 Rb8 33. Rb1 Rb3+ 34. Ka2 Rxb2+ 35. Ka3 Nc4+ 36. Qxc4 Qxc4 37. Rxb2 Qxc3+ 38. Rb3 Qxb3# 0-1

[Event "Newport Open"]
[Site "Newport"]
[Date "2007.01.07"]
[Round "5"]
[White "White, Ernest Michael"]
[Black "Brockbank, Henry W"]
[Result "1/2-1/2"]
[WhiteElo "1960"]
[BlackElo "1816"]
[PlyCount "66"]
[EventDate "2007.01.05"]
[EventType "swiss"]
[EventRounds "5"]
[EventCountry "WLS"]
[SourceTitle "BritBase"]
[Source "John Saunders"]
[SourceDate "2025.01.31"]
[SourceVersion "1"]
[SourceVersionDate "2025.01.31"]
[SourceQuality "1"]

1. e4 d5 2. exd5 Nf6 3. Nc3 Nxd5 4. Bc4 Nxc3 5. Qf3 e6 6. Qxc3 c5 7. Nf3 Nc6 8. O-O Qf6 9. Qxf6 gxf6 10. c3 Bd6 11. d4 cxd4 12. cxd4 O-O 13. Be3 Rd8 14. Rfd1 Na5 15. Be2 b6 16. Rab1 Bb7 17. b4 Nc6 18. a3 Ne7 {(=)} 19. Nd2 Rac8 20. Rdc1 Nd5 21. Nc4 Bb8 22. Bf3 Rd7 23. Bxd5 Rxd5 24. b5 Rdd8 25. f3 Rd7 26. Nd2 Rxc1+ 27. Rxc1 Kg7 28. Kf2 Bd5 29. g3 Rc7 30. Rxc7 Bxc7 31. Ne4 Bc4 32. Nc3 Bd6 33. Bc1 Kf8 1/2-1/2